แสดงรายละเอียดบรรณานุกรม
  กลับหน้าหลัก

Brief Record : Get Marc (ISO 2709) : E-mail record : QR code ปิดหน้าต่าง
E-books : เกี่ยวกับ Collections
LEADER 00000nam 2200000uu 4500
001    208303
003     ULIBM
008    121018s2555||||th 000 0 tha d
020    ^a9786169025276
040    ^abcnkk
041 0  ^atha^beng
060  4 ^aWS420 ว712 2555
100 0  ^aวิโรจน์ ไววานิชกิจ
245 10 ^aความรู้เกี่ยวกับการตรวจคัดกรองทางห้องปฏิบัติการด้านกุมารเวชศาสตร์ทารกแรกเกิดสำหรับพยาบาล แพทย์และบุคลากรทางการแพทย์./^bวิโรจน์ ไววานิชกิจ
250    ^aพิมพ์ครั้งที่ 1
260    ^aกรุงเทพฯ : ^bโรงพิมพ์แห่งจุฬาลงกรณ์มหาวิทยาลัย,^c2555.
300    ^aจำนวน 95 หน้า
650  4 ^aทารกแรกเกิด ^xภาวะแทรกซ้อน ^xการตรวจ.
650  0 ^aทารกแรกเกิด ^xภาวะแทรกซ้อน ^xการวินิจฉัย.
650  0 ^aทารกแรกเกิด ^xการวินิจฉัยโรคทางห้องปฏิบัติการ.
999    ^aใช้งานได้ทุกระบบ
รายการนี้ยังไม่มีแท็ก
คุณยังไม่ได้ล็อกอิน คุณสามารถมีกิจกรรมร่วมกับเว็บไซต์ได้ แต่ต้องล็อกอินก่อน ::
  ล็อกอิน
ลำดับที่ ประเภท เลขเรียก สถานที่ สถานะ
1. หนังสือทั่วไป
หนังสือทั่วไป
WS420 ว712 2555  
  
ห้องสมุด หอพักนักศึกษา (ห้องเหลือง) On Shelf
  ขอยืม
2. หนังสือทั่วไป
หนังสือทั่วไป
WS420 ว712 2555 ฉ.2 
  
หนังสือทั่วไป On Shelf
  ขอยืม
3. หนังสือทั่วไป
หนังสือทั่วไป
WS420 ว712 2555 ฉ.3 
  
ห้องสมุด หอพักนักศึกษา (ห้องเหลือง) On Shelf
  ขอยืม
4. หนังสือทั่วไป
หนังสือทั่วไป
WS420 ว712 2555 ฉ.4 
  
หนังสือทั่วไป On Shelf
  ขอยืม
5. หนังสือทั่วไป
หนังสือทั่วไป
WS420 ว712 2555 ฉ.5 
  
ห้องสมุด หอพักนักศึกษา (ห้องเหลือง) On Shelf
  ขอยืม
   [แสดง 5/5 รายการ]

รายการใกล้เคียง
    ผู้แต่ง [วิโรจน์ ไววานิชกิจ]

BibComment


ยังไม่เคยถูกคอมเมนท์

คอมเมนท์ทรัพยากรรายการนี้
  คอมเมนท์: ความรู้เกี่ยวกับ..
Bib 208303

 
 
 

 Union Library Management : ULibM
Copyright 2026. All Rights Reserved.
скачать бесплатно без регистрации порно красивый секс HD Sex Hindi sex

xxx gou

xxxx

bfxxx

xxxwww

Секса Видео

xxxx

Секса Видео

detube

geilexxx

C99 Shell

worms shell

blod xxx video
Ebony Coed Rihanna Rimes Takes A Dick In Her Young Twat priyaa indian fuck anal and pusssy hardcore indian women xxx desi hardcore fucking part 1 bengalixxxcouple